000
00256nam a2200109Ia 4500
008
190912s9999||||xx |||||||||||||| ||und||
100
_a
Ravi Kalakota
245
0
_a
Electronic Commerce
260
_a
USA
_b
Penguin Books
_c
1997
300
_a
431
942
_c
BK
999
_c
7298
_d
7298